| 000 | 00981nam a22002777a 4500 | ||
|---|---|---|---|
| 082 |
_a335.4 _bHAL _cL-30, P-11 |
||
| 100 |
_aHalperin, Morton H _948793 |
||
| 245 |
_aContemporary military strategy _cHalperin, Morton H |
||
| 260 |
_aToronto, _bLittle, brown and company |
||
| 300 |
_a156p.: _bill,; _c15 cm. |
||
| 526 |
_a0 _b0 _c0 _d335_020000000000000_HAL |
||
| 526 |
_a0 _b0 _c0 _d335_033500000000000_HAL |
||
| 526 |
_a0 _b0 _c0 _d335_400000000000000_HAL |
||
| 526 |
_a0 _b0 _c0 _d335_400000000000000_HAL |
||
| 526 |
_a0 _b0 _c0 _d335_400000000000000_HAL |
||
| 526 |
_a0 _b0 _c0 _d335_400000000000000_HAL |
||
| 526 |
_a0 _b0 _c0 _d335_400000000000000_HAL |
||
| 526 |
_a0 _b0 _c0 _d335_400000000000000_HAL |
||
| 526 |
_a0 _b0 _c0 _d335_400000000000000_HAL |
||
| 526 |
_a0 _b0 _c0 _d335_400000000000000_HAL |
||
| 526 |
_a0 _b0 _c0 _d335_400000000000000_HAL |
||
| 526 |
_a0 _b0 _c0 _d335_400000000000000_HAL |
||
| 526 |
_a0 _b0 _c0 _d335_430000000000000_HAL |
||
| 650 |
_aMCE _9379 |
||
| 942 |
_2ddc _cBK |
||
| 999 |
_c551649 _d551649 |
||